Catálogo público

Approved practices in pasture management / (Record no. 164352)

MARC details
000 -CABECERA
campo de control de longitud fija 00738nam a2200277Ia 4500
001 - NÚMERO DE CONTROL
campo de control Z_1264
003 - IDENTIFICADOR DEL NÚMERO DE CONTROL
campo de control CHAP
008 - DATOS DE LONGITUD FIJA--INFORMACIÓN GENERAL
campo de control de longitud fija 220113s1985 xx 000 0 und d
010 ## - NÚMERO DE CONTROL DE LA BIBLIOTECA DEL CONGRESO
Número de control de LC 164352
040 ## - FUENTE DE LA CATALOGACIÓN
Centro/agencia transcriptor CHAP
082 ## - NÚMERO DE LA CLASIFICACIÓN DECIMAL DEWEY
Número de clasificación 633.2 G73
100 ## - ENTRADA PRINCIPAL--NOMBRE DE PERSONA
Nombre de persona Graffis, Don W
9 (RLIN) 50199
245 ## - MENCIÓN DE TÍTULO
Título Approved practices in pasture management /
Mención de responsabilidad, etc. by Don W. Graffis, E. M. Juergenson and Malcolm H. McVickar
260 ## - PUBLICACIÓN, DISTRIBUCIÓN, ETC.
Lugar de publicación, distribución, etc. Danville, Ill. :
Nombre del editor, distribuidor, etc. The Interstate Printer,
Fecha de publicación, distribución, etc. 1985
300 ## - DESCRIPCIÓN FÍSICA
Extensión 356 p. ; ilus.
440 ## - MENCIÓN DE SERIE/PUNTO DE ACCESO ADICIONAL--TÍTULO
Título
500 ## - NOTA GENERAL
Nota general
503 ## - NOTA DE HISTORIA BIBLIOGRÁFICA (BK CF MU) [OBSOLETO]
Nota de historia bibliográfica C/E
650 ## - PUNTO DE ACCESO ADICIONAL DE MATERIA--TÉRMINO DE MATERIA
Término de materia o nombre geográfico como elemento de entrada Pastizales
Subdivisión general Manejo I. Juergenson, E.M. II. McVickar, Malcolm H.III.t.
9 (RLIN) 138499
901 ## - ELEMENTOS DE DATOS A LOCAL LDA (RLIN)
a 633.2 G73
902 ## - ELEMENTOS DE DATOS B LOCAL, LDB (RLIN)
a A
910 ## - DATOS DE OPCIÓN DEL USUARIO (OCLC)
Datos de opción del usuario 1985
942 ## - ELEMENTOS DE PUNTO DE ACCESO ADICIONAL (KOHA)
Tipo de ítem Koha Libro_
942 ## - ELEMENTOS DE PUNTO DE ACCESO ADICIONAL (KOHA)
Tipo de ítem Koha
Holdings
Estado de retiro Estado de pérdida Estado dañado No para préstamo Código de colección Localización permanente Ubicación/localización actual Ubicación en estantería Fecha de adquisición Código de barras Fecha visto por última vez Número de copia Precio válido a partir de Tipo de ítem Koha
        General Zootecnia Zootecnia   09/11/2005 z_1445 18/01/2022 1 18/01/2022 Libro